000 00328nam a2200145Ia 4500
005 20251222144829.0
008 251222s9999||||xx |||||||||||||| ||spa||
020 _a88-211-8211-8
082 _a858.98/G79
100 _aGrego, Adriano
245 0 _aRemo Maun Avvocato
250 _a2a.ed.
264 _bMarietti
942 _cLIB
999 _c20797
_d20797